00696nam a2200181 a 4500008004100000020001500041050001400056100002100070245008300091250001200174260003300186300002300219350000900242650001200251995010400263999001700367952013000384120416s1972 ||||||||||||||||| || u a0070268061 aQC 33 Har aHarris, Norman C10aExperiments in applied physics for college and technical institutes. (2nd ed.) a2nd ed. aNew York:bMcGraw-Hillc1972 aviii, 304p. : ill. a0.00 0aPHYSICS D0.00FCBU-MAIN LIBRARY (Kitwe)H1I0.00UDAMAGEDWJun 11, 2009ZMain Library Open Access Collection c42910d42910 00102lcc4070a001b001cMain Library Open Access Collectiond2022-11-30l0oQC 33 Harp717538r2022-11-30w2022-11-30y002